000 00646nam a2200241Ia 4500
008 160418s9999 xx 000 0 und d
050 _aFIL GV 1703.P5
050 _b.A68 1953 v.1
100 _aAquino, Francisca Reyes .
245 _aPhilippine folk dances /
245 _cFrancisca Reyes Aquino.
250 _aRevised Edition
260 _aManila :
260 _b[s.n.] :
260 _c1953
300 _a121 pages :
300 _billustrations ;
300 _c27 cm.
440 _vv.1
500 _aIncludes index.
650 _aFolk dancing -- Philippines.
650 _xFolk dancing -- Study and teaching -- Philippines.
999 _c293363
_d293363